| 000 | 00738nam a22002057a 4500 | ||
|---|---|---|---|
| 999 |
_c18411 _d18411 |
||
| 003 | AR-CdUCM | ||
| 008 | 190513b ||||| |||| 00| 0 spa d | ||
| 040 |
_aMUNICIPALIDAD PROVINCIAL DEL CUSCO _cBIBLIOTECA MUNICIPAL DEL CUSCO |
||
| 082 |
_22ed _a330.1 / _bH249 |
||
| 100 |
_aHansen, Alvin Harvey _938984 |
||
| 245 | _aGuía de Keynes / | ||
| 260 |
_aMéxico D. F : _bFondo de Cultura Económica, _c1962. |
||
| 300 |
_a205 páginas ; _c22 cm. |
||
| 505 | _aContenido: Definiciones e ideas -- La propensión a consumir -- El incentivo para invertir... | ||
| 650 |
_aEconomía keynesiana _922170 |
||
| 650 |
_aMonetarismo _910988 |
||
| 650 |
_aTeoría general de la ocupación _938985 |
||
| 942 |
_2ddc _cLIBROS |
||
| 945 |
_adavv _d2019-05-13 |
||